Текст томруулах:    
The Royal Hunt in Eurasian History (Бичлэгийн дугаар. 144234)
000 -УДИРДЛАГА
Удирдлага 01929nam a2200433 4500
003 - ХЯНАЛТЫН ТОО ТОДОРХОЙЛОГЧ
Код MN-UlNUM
005 - БИЧИЛТ ХИЙСЭН ОГНОО
Тухайн бичилтийг бичсэн засварласан сүүлийн огноо 20251009090406.0
008 - ЕРӨНХИЙ МЭДЭЭЛЭЛ
Ерөнхий мэдээлэл 250917s2006 enk||||| |||| 00| | eng d
020 ## - ISBN
ISBN 9780812239263
040 ## - БИЧЛЭГ ҮҮСГЭГЧ БАЙГУУЛЛАГА
Бичлэг үүсгэгч номын сангийн код МУИС-ийн номын сан
084 ## - ББК АНГИЛАЛ
Нэмэлт тусгалт Нэг сэдэвт бүтээл
Мэдлэгийн ялгаа 63 - Түүх
ББК ангилал 63.5(3)
Зохиогчийн гурван тэмдэгт A 38
100 1# - ЗОХИОГЧ
Зохиогчийн нэр Allsen, Thomas T
240 ## - Шифр - Номын наалт, тайланд хэрэглэх
Ангилалын дугаар /Зохиогчийн 3 тэмдэгт 63.5(3) A 38
245 14 - ҮНДСЭН ГАРЧИГ
Номын нэр The Royal Hunt in Eurasian History
260 ## - ГАРАЛТЫН МЭДЭЭ
Хэвлэгдсэн газар Philadelphia
Хэвлэлийн газар University of Pennsylvania Press
Хэвлэгдсэн он 2006
300 ## - МАТЕРИАЛЫН ТОДОРХОЙЛОЛТ
хуудасны тоо x, 406 p. :
Бусад тоон мэдээлэл ill. ;
Хэмжээ 25 cm
500 ## - Тайлбар
Дансны дугаар ГФ 20841
505 ## - Агуулгын тэмдэглэгээ
Агуулгын тэмдэглэгээ From antiquity to the nineteenth century, the royal hunt was a vital component of the political cultures of the Middle East, India, Central Asia, and China. Besides marking elite status, royal hunts functioned as inspection tours and imperial progresses, a means of asserting kingly authority over the countryside. The hunt was, in fact, the "court out-of-doors," an open-air theater for displays of majesty, the entertainment of guests, and the bestowal of favor on subjects.
This sweeping comparative work ranges from ancient Egypt to India under the Raj. With a magisterial command of contemporary sources, literature, material culture, and archaeology, Thomas T. Allsen chronicles the vast range of traditions surrounding this fabled royal occupation.
546 ## - ХЭЛНИЙ ТУХАЙ МЭДЭЭ
Хэл Англи хэл дээр,
653 ## - Түлхүүр үг
Түлхүүр үг history
653 ## - Түлхүүр үг
Түлхүүр үг Eurasian history
653 ## - Түлхүүр үг
Түлхүүр үг political aspects
653 ## - Түлхүүр үг
Түлхүүр үг animals and civilization
740 ## - НОМЫН ГАРЧИГ
Гарчиг Hunting histories
740 ## - НОМЫН ГАРЧИГ
Гарчиг Field and stream
740 ## - НОМЫН ГАРЧИГ
Гарчиг Parks
740 ## - НОМЫН ГАРЧИГ
Гарчиг Partners
740 ## - НОМЫН ГАРЧИГ
Гарчиг Administration
740 ## - НОМЫН ГАРЧИГ
Гарчиг Convervation
740 ## - НОМЫН ГАРЧИГ
Гарчиг A measure of men
740 ## - НОМЫН ГАРЧИГ
Гарчиг Political animals
740 ## - НОМЫН ГАРЧИГ
Гарчиг Legitimation
740 ## - НОМЫН ГАРЧИГ
Гарчиг Circulation
740 ## - НОМЫН ГАРЧИГ
Гарчиг Intimidation
740 ## - НОМЫН ГАРЧИГ
Гарчиг Internationalization
942 ## - ЭЛЕМЕНТИЙН ТӨРӨЛ
Зүйлийн төрөл Ном